<?xml version="1.0" encoding="UTF-8"?>
<record
    xmlns:xsi="http://www.w3.org/2001/XMLSchema-instance"
    xsi:schemaLocation="http://www.loc.gov/MARC21/slim http://www.loc.gov/standards/marcxml/schema/MARC21slim.xsd"
    xmlns="http://www.loc.gov/MARC21/slim">

  <leader>00719nam a22001937a 4500</leader>
  <datafield tag="999" ind1=" " ind2=" ">
    <subfield code="c">196575</subfield>
    <subfield code="d">196575</subfield>
  </datafield>
  <controlfield tag="005">20230717123605.0</controlfield>
  <datafield tag="010" ind1=" " ind2=" ">
    <subfield code="a">UR-12070</subfield>
  </datafield>
  <datafield tag="020" ind1=" " ind2=" ">
    <subfield code="a">9789383239382</subfield>
    <subfield code="c">250.00</subfield>
  </datafield>
  <datafield tag="035" ind1=" " ind2=" ">
    <subfield code="a">U-10625</subfield>
  </datafield>
  <datafield tag="037" ind1=" " ind2=" ">
    <subfield code="b">DBAD/PUB</subfield>
  </datafield>
  <datafield tag="082" ind1=" " ind2=" ">
    <subfield code="a">841</subfield>
  </datafield>
  <datafield tag="100" ind1=" " ind2=" ">
    <subfield code="a">&#x634;&#x627;&#x6C1; &#x631;&#x634;&#x627;&#x62F; &#x639;&#x62B;&#x645;&#x627;&#x646;&#x6CC;</subfield>
  </datafield>
  <datafield tag="245" ind1=" " ind2=" ">
    <subfield code="a">&#x62E;&#x6CC;&#x627;&#x628;&#x627;&#x646; &#x62E;&#x6CC;&#x627;&#x644; :</subfield>
    <subfield code="b">&#x645;&#x6A9;&#x62A;&#x648;&#x628;&#x627;&#x62A; &#x645;&#x648;&#x644;&#x627;&#x646;&#x627; &#x637;&#x6CC;&#x628; &#x639;&#x62B;&#x645;&#x627;&#x646;&#x6CC; &#x646;&#x62F;&#x648;&#x6CC; /</subfield>
    <subfield code="c">&#x634;&#x627;&#x6C1; &#x631;&#x634;&#x627;&#x62F; &#x639;&#x62B;&#x645;&#x627;&#x646;&#x6CC;</subfield>
  </datafield>
  <datafield tag="246" ind1=" " ind2=" ">
    <subfield code="a">Khayaban-e-Khayal: Maktoobat Maulana Tayyib Usmani Nadvi /</subfield>
    <subfield code="b">by Shah Rashad Usmani</subfield>
  </datafield>
  <datafield tag="260" ind1=" " ind2=" ">
    <subfield code="a">New Delhi</subfield>
    <subfield code="b">Applied Books</subfield>
    <subfield code="c">2016 &#x621;</subfield>
  </datafield>
  <datafield tag="270" ind1=" " ind2=" ">
    <subfield code="a">1739/10, New Kohinoor Hotel, Pataudi House, Darya Ganj</subfield>
    <subfield code="b">New Delhi</subfield>
    <subfield code="e">2</subfield>
  </datafield>
  <datafield tag="300" ind1=" " ind2=" ">
    <subfield code="a">232 &#x635;</subfield>
    <subfield code="c">22cm(Hb)</subfield>
  </datafield>
  <datafield tag="942" ind1=" " ind2=" ">
    <subfield code="2">ddc</subfield>
    <subfield code="c">UR</subfield>
    <subfield code="h">841</subfield>
    <subfield code="m">&#x634; &#x627; &#x6C1;</subfield>
  </datafield>
  <datafield tag="952" ind1=" " ind2=" ">
    <subfield code="0">0</subfield>
    <subfield code="1">0</subfield>
    <subfield code="4">0</subfield>
    <subfield code="7">0</subfield>
    <subfield code="8">NFIC</subfield>
    <subfield code="a">AV</subfield>
    <subfield code="b">AV</subfield>
    <subfield code="d">2023-07-17</subfield>
    <subfield code="e">DBAD/PUB</subfield>
    <subfield code="g">250.00</subfield>
    <subfield code="l">0</subfield>
    <subfield code="o">841 &#x634; &#x627; &#x6C1;</subfield>
    <subfield code="p">U-10625</subfield>
    <subfield code="r">2023-07-17 00:00:00</subfield>
    <subfield code="t">1</subfield>
    <subfield code="v">250.00</subfield>
    <subfield code="w">2023-07-17</subfield>
    <subfield code="y">UR</subfield>
  </datafield>
</record>
